000 00599nam a2200193Ii 4500
003 JO-AjNU
008 230605s9999||||xx |||||||||||||| ||und||
040 _aJO-AjNU
_bara
_erda
_cJO-AjNU
041 _aara
050 1 4 _aPR6005 1900
100 3 _aكرستي، أجاثا,
_eauthor
_920225
245 0 0 _aمغامرات بوارو
264 3 1 _aبيروت: المكتبة الثقافية، 1901
300 _a159ص
336 _atext
_btxt
_2rdacontent
337 _aunmediated
_bn
_2rdamedia
338 _avolume
_bnc
_2rdacarrier
650 4 _aالأدب العربي - ترجمة - قصص
_920226
999 _aA6817
_c10385
_d10385